[Event "DEM U14w 2021"]
[Site "Willingen GER"]
[Date "2021.08.26"]
[Round "6"]
[White "von Beckh, Frieda"]
[Black "Heuberger, Sandra"]
[Result "1-0"]
[Termination "normal"]
[Board "9"]
[WhiteElo "1541"]
[BlackElo "1110"]
[WhiteClock "00:22:09"]
[BlackClock "01:01:45"]
[PlyCount "145"]
[WhiteFideId "16233751"]
[BlackFideId "16232151"]
[EventCountry "GER"]
[EventRounds "9"]
[EventType "swiss"]
[EventDate "2021.08.22"]

1. e4 {[%clk 01:30:57]} {[%emt 00:00:02]} e5 {[%clk 01:30:56]} {[%emt
00:00:04]} 2. Nf3 {[%clk 01:31:14]} {[%emt 00:00:13]} Nc6 {[%clk 01:31:16]}
{[%emt 00:00:10]} 3. d4 {[%clk 01:31:36]} {[%emt 00:00:08]} exd4 {[%clk
01:31:38]} {[%emt 00:00:09]} 4. Nxd4 {[%clk 01:31:58]} {[%emt 00:00:07]} Nf6
{[%clk 01:31:44]} {[%emt 00:00:24]} 5. Nc3 {[%clk 01:32:10]} {[%emt 00:00:19]}
Bb4 {[%clk 01:32:02]} {[%emt 00:00:12]} 6. Nxc6 {[%clk 01:32:07]} {[%emt
00:00:32]} bxc6 {[%clk 01:32:18]} {[%emt 00:00:14]} 7. Bd3 {[%clk 01:32:27]}
{[%emt 00:00:10]} O-O {[%clk 01:32:26]} {[%emt 00:00:22]} 8. O-O {[%clk
01:32:31]} {[%emt 00:00:26]} d5 {[%clk 01:32:27]} {[%emt 00:00:29]} 9. exd5
{[%clk 01:31:54]} {[%emt 00:01:07]} cxd5 {[%clk 01:32:44]} {[%emt 00:00:13]}
10. Bg5 {[%clk 01:31:40]} {[%emt 00:00:44]} c6 {[%clk 01:32:42]} {[%emt
00:00:31]} 11. Na4 {[%clk 01:31:37]} {[%emt 00:00:34]} Qd6 {[%clk 01:28:56]}
{[%emt 00:04:16]} 12. a3 {[%clk 01:25:25]} {[%emt 00:06:42]} Ba5 {[%clk
01:27:45]} {[%emt 00:01:41]} 13. b4 {[%clk 01:24:00]} {[%emt 00:01:56]} Bc7
{[%clk 01:25:58]} {[%emt 00:02:17]} 14. g3 {[%clk 01:24:00]} {[%emt 00:00:29]}
Re8 {[%clk 01:25:10]} {[%emt 00:01:19]} 15. Bf4 {[%clk 01:22:31]} {[%emt
00:01:58]} Qd8 {[%clk 01:23:25]} {[%emt 00:02:15]} 16. Bxc7 {[%clk 01:19:15]}
{[%emt 00:03:48]} Qxc7 {[%clk 01:23:06]} {[%emt 00:00:48]} 17. c4 {[%clk
01:15:41]} {[%emt 00:04:04]} dxc4 {[%clk 01:22:03]} {[%emt 00:01:33]} 18. Bxc4
{[%clk 01:15:26]} {[%emt 00:00:45]} Bd7 {[%clk 01:20:24]} {[%emt 00:02:09]} 19.
Nc5 {[%clk 01:13:08]} {[%emt 00:02:47]} Rad8 {[%clk 01:17:14]} {[%emt
00:03:39]} 20. Qb3 {[%clk 01:11:58]} {[%emt 00:01:40]} Nd5 {[%clk 01:14:09]}
{[%emt 00:03:35]} 21. Rfd1 {[%clk 01:09:34]} {[%emt 00:02:55]} Be6 {[%clk
01:14:03]} {[%emt 00:00:37]} 22. Nxe6 {[%clk 01:08:15]} {[%emt 00:01:47]} fxe6
{[%clk 01:12:36]} {[%emt 00:01:57]} 23. Rac1 {[%clk 01:03:51]} {[%emt
00:04:55]} Qb6 {[%clk 01:09:02]} {[%emt 00:04:04]} 24. Re1 {[%clk 00:55:48]}
{[%emt 00:08:33]} Kh8 {[%clk 01:04:07]} {[%emt 00:05:24]} 25. Rc2 {[%clk
00:53:23]} {[%emt 00:02:55]} e5 {[%clk 01:01:43]} {[%emt 00:02:56]} 26. Rce2
{[%clk 00:50:40]} {[%emt 00:03:11]} Qc7 {[%clk 01:00:41]} {[%emt 00:01:31]} 27.
b5 {[%clk 00:47:06]} {[%emt 00:04:06]} Nf6 {[%clk 01:00:03]} {[%emt 00:01:08]}
28. bxc6 {[%clk 00:45:55]} {[%emt 00:01:41]} Qxc6 {[%clk 01:00:12]} {[%emt
00:00:21]} 29. Bb5 {[%clk 00:44:34]} {[%emt 00:01:50]} Qb6 {[%clk 00:59:44]}
{[%emt 00:00:59]} 30. Rxe5 {[%clk 00:43:51]} {[%emt 00:01:13]} Rf8 {[%clk
00:59:18]} {[%emt 00:00:54]} 31. Qe3 {[%clk 00:34:32]} {[%emt 00:09:50]} Ng4
{[%clk 00:55:00]} {[%emt 00:04:50]} 32. Qxb6 {[%clk 00:34:28]} {[%emt
00:00:34]} axb6 {[%clk 00:55:11]} {[%emt 00:00:19]} 33. R5e2 {[%clk 00:34:35]}
{[%emt 00:00:22]} Ra8 {[%clk 00:54:57]} {[%emt 00:00:45]} 34. a4 {[%clk
00:34:23]} {[%emt 00:00:41]} Rad8 {[%clk 00:54:56]} {[%emt 00:00:32]} 35. Re8
{[%clk 00:30:23]} {[%emt 00:04:31]} Rdxe8 {[%clk 00:54:37]} {[%emt 00:00:48]}
36. Rxe8 {[%clk 00:30:37]} {[%emt 00:00:16]} Rxe8 {[%clk 00:54:53]} {[%emt
00:00:15]} 37. Bxe8 {[%clk 00:30:58]} {[%emt 00:00:08]} Kg8 {[%clk 00:55:06]}
{[%emt 00:00:17]} 38. Kg2 {[%clk 00:30:08]} {[%emt 00:01:20]} Kf8 {[%clk
00:55:17]} {[%emt 00:00:19]} 39. Bb5 {[%clk 00:30:09]} {[%emt 00:00:29]} Ke7
{[%clk 00:55:37]} {[%emt 00:00:11]} 40. h3 {[%clk 00:29:40]} {[%emt 00:00:57]}
Ne5 {[%clk 00:55:58]} {[%emt 00:00:10]} 41. f4 {[%clk 00:29:48]} {[%emt
00:00:20]} Nf7 {[%clk 00:56:02]} {[%emt 00:00:27]} 42. Kf3 {[%clk 00:29:39]}
{[%emt 00:00:39]} Kd6 {[%clk 00:56:20]} {[%emt 00:00:12]} 43. Bc4 {[%clk
00:27:27]} {[%emt 00:02:41]} Nd8 {[%clk 00:55:43]} {[%emt 00:01:07]} 44. Ke4
{[%clk 00:23:21]} {[%emt 00:04:37]} Kc5 {[%clk 00:55:06]} {[%emt 00:01:07]} 45.
Bd5 {[%clk 00:18:42]} {[%emt 00:05:08]} Kb4 {[%clk 00:54:30]} {[%emt 00:01:06]}
46. g4 {[%clk 00:18:25]} {[%emt 00:00:47]} Kxa4 {[%clk 00:54:42]} {[%emt
00:00:18]} 47. f5 {[%clk 00:18:19]} {[%emt 00:00:36]} b5 {[%clk 00:55:01]}
{[%emt 00:00:11]} 48. g5 {[%clk 00:17:36]} {[%emt 00:01:12]} b4 {[%clk
00:55:08]} {[%emt 00:00:24]} 49. f6 {[%clk 00:17:31]} {[%emt 00:00:35]} gxf6
{[%clk 00:55:20]} {[%emt 00:00:19]} 50. gxf6 {[%clk 00:17:49]} {[%emt
00:00:12]} Ka3 {[%clk 00:55:29]} {[%emt 00:00:20]} 51. f7 {[%clk 00:17:48]}
{[%emt 00:00:31]} Nxf7 {[%clk 00:55:48]} {[%emt 00:00:11]} 52. Bxf7 {[%clk
00:18:07]} {[%emt 00:00:11]} Kb2 {[%clk 00:56:17]} {[%emt 00:00:02]} 53. Kf5
{[%clk 00:18:02]} {[%emt 00:00:33]} Kc2 {[%clk 00:56:26]} {[%emt 00:00:22]} 54.
Kg5 {[%clk 00:18:06]} {[%emt 00:00:26]} b3 {[%clk 00:56:43]} {[%emt 00:00:14]}
55. Bxb3+ {[%clk 00:18:19]} {[%emt 00:00:17]} Kxb3 {[%clk 00:57:04]} {[%emt
00:00:09]} 56. Kh6 {[%clk 00:17:30]} {[%emt 00:01:18]} Kc4 {[%clk 00:57:20]}
{[%emt 00:00:14]} 57. Kxh7 {[%clk 00:17:46]} {[%emt 00:00:14]} Kd5 {[%clk
00:57:38]} {[%emt 00:00:13]} 58. Kg6 {[%clk 00:18:05]} {[%emt 00:00:11]} Ke6
{[%clk 00:57:36]} {[%emt 00:00:33]} 59. h4 {[%clk 00:18:18]} {[%emt 00:00:15]}
Ke7 {[%clk 00:57:52]} {[%emt 00:00:14]} 60. Kg7 {[%clk 00:18:40]} {[%emt
00:00:09]} Ke6 {[%clk 00:58:13]} {[%emt 00:00:09]} 61. h5 {[%clk 00:18:56]}
{[%emt 00:00:14]} Kf5 {[%clk 00:58:30]} {[%emt 00:00:13]} 62. h6 {[%clk
00:19:05]} {[%emt 00:00:20]} Ke4 {[%clk 00:58:48]} {[%emt 00:00:12]} 63. h7
{[%clk 00:19:20]} {[%emt 00:00:16]} Kd4 {[%clk 00:59:13]} {[%emt 00:00:05]} 64.
h8=Q {[%clk 00:19:16]} {[%emt 00:00:34]} Kd3 {[%clk 00:59:37]} {[%emt
00:00:06]} 65. Qh4 {[%clk 00:19:28]} {[%emt 00:00:18]} Ke2 {[%clk 00:59:50]}
{[%emt 00:00:17]} 66. Qh3 {[%clk 00:19:42]} {[%emt 00:00:17]} Kf2 {[%clk
01:00:02]} {[%emt 00:00:18]} 67. Kf6 {[%clk 00:20:01]} {[%emt 00:00:10]} Ke2
{[%clk 01:00:20]} {[%emt 00:00:12]} 68. Ke5 {[%clk 00:20:21]} {[%emt 00:00:10]}
Kd2 {[%clk 01:00:38]} {[%emt 00:00:12]} 69. Kd4 {[%clk 00:20:46]} {[%emt
00:00:05]} Kc2 {[%clk 01:00:55]} {[%emt 00:00:13]} 70. Qc3+ {[%clk 00:21:04]}
{[%emt 00:00:12]} Kd1 {[%clk 01:01:01]} {[%emt 00:00:24]} 71. Qb2 {[%clk
00:21:22]} {[%emt 00:00:13]} Ke1 {[%clk 01:01:26]} {[%emt 00:00:05]} 72. Ke3
{[%clk 00:21:47]} {[%emt 00:00:06]} Kf1 {[%clk 01:01:45]} {[%emt 00:00:10]} 73.
Qf2# {[%clk 00:22:09]} {[%emt 00:00:08]} 1-0

[Event "DEM U14w 2021"]
[Site "Willingen GER"]
[Date "2021.08.26"]
[Round "6"]
[White "Fischer, Juliane"]
[Black "Stepanjan, Marianne"]
[Result "1/2-1/2"]
[Termination "normal"]
[Board "10"]
[WhiteElo "1486"]
[BlackElo "1392"]
[WhiteClock "00:31:35"]
[BlackClock "00:03:43"]
[PlyCount "65"]
[WhiteFideId "16290135"]
[BlackFideId "16246110"]
[EventCountry "GER"]
[EventRounds "9"]
[EventType "swiss"]
[EventDate "2021.08.22"]

1. e4 {[%clk 01:30:57]} {[%emt 00:00:03]} c5 {[%clk 01:30:54]} {[%emt
00:00:06]} 2. Nc3 {[%clk 01:31:18]} {[%emt 00:00:09]} Nc6 {[%clk 01:31:19]}
{[%emt 00:00:05]} 3. f4 {[%clk 01:31:36]} {[%emt 00:00:12]} e6 {[%clk
01:31:44]} {[%emt 00:00:06]} 4. Nf3 {[%clk 01:31:42]} {[%emt 00:00:24]} d5
{[%clk 01:32:04]} {[%emt 00:00:09]} 5. e5 {[%clk 01:30:27]} {[%emt 00:01:45]}
Be7 {[%clk 01:29:53]} {[%emt 00:02:41]} 6. d4 {[%clk 01:27:56]} {[%emt
00:03:01]} Nh6 {[%clk 01:26:45]} {[%emt 00:03:37]} 7. dxc5 {[%clk 01:23:45]}
{[%emt 00:04:42]} Bxc5 {[%clk 01:26:54]} {[%emt 00:00:22]} 8. Bd3 {[%clk
01:22:59]} {[%emt 00:01:15]} Ng4 {[%clk 01:21:49]} {[%emt 00:05:36]} 9. Rf1
{[%clk 01:17:56]} {[%emt 00:05:33]} Nxh2 {[%clk 01:18:09]} {[%emt 00:04:10]}
10. Na4 {[%clk 01:16:12]} {[%emt 00:02:14]} Nxf1 {[%clk 01:13:56]} {[%emt
00:04:42]} 11. Nxc5 {[%clk 01:15:58]} {[%emt 00:00:44]} Qa5+ {[%clk 01:10:16]}
{[%emt 00:04:11]} 12. Kxf1 {[%clk 01:15:48]} {[%emt 00:00:40]} Qxc5 {[%clk
01:10:07]} {[%emt 00:00:37]} 13. Qe2 {[%clk 01:14:10]} {[%emt 00:02:08]} h6
{[%clk 01:02:36]} {[%emt 00:08:03]} 14. Be3 {[%clk 01:13:39]} {[%emt 00:01:00]}
Qe7 {[%clk 01:00:15]} {[%emt 00:02:48]} 15. Kf2 {[%clk 01:11:31]} {[%emt
00:02:41]} Bd7 {[%clk 00:54:33]} {[%emt 00:06:12]} 16. c4 {[%clk 01:06:32]}
{[%emt 00:05:29]} Nb4 {[%clk 00:47:56]} {[%emt 00:07:04]} 17. cxd5 {[%clk
01:06:01]} {[%emt 00:01:04]} Nxd5 {[%clk 00:47:46]} {[%emt 00:00:41]} 18. Bd2
{[%clk 01:05:50]} {[%emt 00:00:40]} Qc5+ {[%clk 00:46:22]} {[%emt 00:01:51]}
19. Kf1 {[%clk 01:05:19]} {[%emt 00:01:04]} g5 {[%clk 00:43:25]} {[%emt
00:03:28]} 20. Rc1 {[%clk 01:03:46]} {[%emt 00:02:02]} Qb6 {[%clk 00:41:30]}
{[%emt 00:02:22]} 21. g3 {[%clk 01:02:32]} {[%emt 00:01:46]} g4 {[%clk
00:36:31]} {[%emt 00:05:29]} 22. Ne1 {[%clk 01:01:57]} {[%emt 00:01:04]} h5
{[%clk 00:34:15]} {[%emt 00:02:47]} 23. Ng2 {[%clk 01:02:00]} {[%emt 00:00:26]}
a6 {[%clk 00:29:16]} {[%emt 00:05:31]} 24. Ne3 {[%clk 00:58:27]} {[%emt
00:04:03]} Bc6 {[%clk 00:16:24]} {[%emt 00:13:22]} 25. Nc4 {[%clk 00:55:18]}
{[%emt 00:03:38]} Qd8 {[%clk 00:16:00]} {[%emt 00:00:53]} 26. Nd6+ {[%clk
00:54:42]} {[%emt 00:01:08]} Kf8 {[%clk 00:14:21]} {[%emt 00:02:07]} 27. f5
{[%clk 00:45:00]} {[%emt 00:10:12]} Nc7 {[%clk 00:09:26]} {[%emt 00:05:26]} 28.
fxe6 {[%clk 00:44:27]} {[%emt 00:01:03]} Nxe6 {[%clk 00:07:36]} {[%emt
00:02:21]} 29. Bb4 {[%clk 00:41:08]} {[%emt 00:03:48]} Kg7 {[%clk 00:06:29]}
{[%emt 00:01:37]} 30. Qf2 {[%clk 00:37:02]} {[%emt 00:04:37]} Bf3 {[%clk
00:03:46]} {[%emt 00:03:14]} 31. Nf5+ {[%clk 00:31:30]} {[%emt 00:06:01]} Kg8
{[%clk 00:03:40]} {[%emt 00:00:35]} 32. Ne7+ {[%clk 00:31:35]} {[%emt
00:00:26]} Kg7 {[%clk 00:03:43]} {[%emt 00:00:27]} 33. Nf5+ {[%emt 00:02:28]}
1/2-1/2

[Event "DEM U14w 2021"]
[Site "Willingen GER"]
[Date "2021.08.26"]
[Round "6"]
[White "Arnold, Rubina"]
[Black "Fiedler, Annabelle"]
[Result "1-0"]
[Termination "normal"]
[Board "11"]
[WhiteElo "1498"]
[BlackElo "937"]
[WhiteClock "01:16:55"]
[BlackClock "01:24:40"]
[PlyCount "81"]
[WhiteFideId "16276272"]
[BlackFideId "34605835"]
[EventCountry "GER"]
[EventRounds "9"]
[EventType "swiss"]
[EventDate "2021.08.22"]

1. Nf3 {[%clk 01:30:56]} {[%emt 00:00:03]} d5 {[%clk 01:30:31]} {[%emt
00:00:30]} 2. c4 {[%clk 01:31:17]} {[%emt 00:00:09]} Nf6 {[%clk 01:30:26]}
{[%emt 00:00:35]} 3. b3 {[%clk 01:31:28]} {[%emt 00:00:18]} e6 {[%clk
01:30:08]} {[%emt 00:00:49]} 4. Bb2 {[%clk 01:31:43]} {[%emt 00:00:15]} Be7
{[%clk 01:30:28]} {[%emt 00:00:09]} 5. g3 {[%clk 01:32:02]} {[%emt 00:00:11]}
O-O {[%clk 01:30:42]} {[%emt 00:00:16]} 6. Bg2 {[%clk 01:32:23]} {[%emt
00:00:09]} c5 {[%clk 01:30:31]} {[%emt 00:00:43]} 7. e3 {[%clk 01:31:26]}
{[%emt 00:01:26]} Bd7 {[%clk 01:29:17]} {[%emt 00:01:43]} 8. Nc3 {[%clk
01:31:11]} {[%emt 00:00:45]} a6 {[%clk 01:29:19]} {[%emt 00:00:29]} 9. O-O
{[%clk 01:24:20]} {[%emt 00:07:21]} b5 {[%clk 01:29:04]} {[%emt 00:00:45]} 10.
d3 {[%clk 01:23:21]} {[%emt 00:01:30]} Nc6 {[%clk 01:28:31]} {[%emt 00:01:02]}
11. cxb5 {[%clk 01:18:05]} {[%emt 00:05:45]} axb5 {[%clk 01:28:28]} {[%emt
00:00:33]} 12. Nxb5 {[%clk 01:16:39]} {[%emt 00:01:57]} Nb8 {[%clk 01:27:55]}
{[%emt 00:01:02]} 13. Nc3 {[%clk 01:15:16]} {[%emt 00:01:54]} c4 {[%clk
01:26:39]} {[%emt 00:01:46]} 14. dxc4 {[%clk 01:14:55]} {[%emt 00:00:51]} dxc4
{[%clk 01:26:24]} {[%emt 00:00:45]} 15. Ne5 {[%clk 01:15:08]} {[%emt 00:00:17]}
Ra5 {[%clk 01:26:18]} {[%emt 00:00:36]} 16. Nxc4 {[%clk 01:15:23]} {[%emt
00:00:14]} Rc5 {[%clk 01:26:19]} {[%emt 00:00:29]} 17. a4 {[%clk 01:14:55]}
{[%emt 00:00:58]} Na6 {[%clk 01:26:03]} {[%emt 00:00:47]} 18. Ne4 {[%clk
01:13:15]} {[%emt 00:02:09]} Rd5 {[%clk 01:25:48]} {[%emt 00:00:45]} 19. Nxf6+
{[%clk 01:13:28]} {[%emt 00:00:16]} Bxf6 {[%clk 01:26:03]} {[%emt 00:00:16]}
20. Bxd5 {[%clk 01:13:33]} {[%emt 00:00:25]} Bxb2 {[%clk 01:25:12]} {[%emt
00:01:22]} 21. Nxb2 {[%clk 01:13:38]} {[%emt 00:00:24]} Nb4 {[%clk 01:25:14]}
{[%emt 00:00:29]} 22. Bg2 {[%clk 01:13:48]} {[%emt 00:00:19]} Bc6 {[%clk
01:24:21]} {[%emt 00:01:23]} 23. Qxd8 {[%clk 01:13:28]} {[%emt 00:00:49]} Rxd8
{[%clk 01:24:46]} {[%emt 00:00:05]} 24. Bxc6 {[%clk 01:13:52]} {[%emt
00:00:07]} Nxc6 {[%clk 01:25:10]} {[%emt 00:00:07]} 25. a5 {[%clk 01:14:01]}
{[%emt 00:00:20]} Na7 {[%clk 01:25:20]} {[%emt 00:00:19]} 26. Rfd1 {[%clk
01:14:20]} {[%emt 00:00:12]} Rb8 {[%clk 01:25:15]} {[%emt 00:00:35]} 27. a6
{[%clk 01:14:23]} {[%emt 00:00:27]} h6 {[%clk 01:25:35]} {[%emt 00:00:09]} 28.
Rd7 {[%clk 01:14:17]} {[%emt 00:00:37]} Ra8 {[%clk 01:25:49]} {[%emt 00:00:16]}
29. b4 {[%clk 01:14:28]} {[%emt 00:00:19]} e5 {[%clk 01:25:51]} {[%emt
00:00:29]} 30. Rb7 {[%clk 01:14:51]} {[%emt 00:00:07]} e4 {[%clk 01:25:14]}
{[%emt 00:01:07]} 31. b5 {[%clk 01:15:09]} {[%emt 00:00:12]} f6 {[%clk
01:25:04]} {[%emt 00:00:40]} 32. b6 {[%clk 01:15:29]} {[%emt 00:00:10]} Nc6
{[%clk 01:25:29]} {[%emt 00:00:05]} 33. a7 {[%clk 01:15:43]} {[%emt 00:00:16]}
f5 {[%clk 01:24:59]} {[%emt 00:01:01]} 34. Rc1 {[%clk 01:15:51]} {[%emt
00:00:21]} Kh7 {[%clk 01:24:13]} {[%emt 00:01:16]} 35. Rxc6 {[%clk 01:16:10]}
{[%emt 00:00:11]} Rd8 {[%clk 01:24:10]} {[%emt 00:00:34]} 36. Rcc7 {[%clk
01:15:52]} {[%emt 00:00:47]} Rg8 {[%clk 01:24:15]} {[%emt 00:00:25]} 37. Rb8
{[%clk 01:16:09]} {[%emt 00:00:13]} Rxb8 {[%clk 01:24:06]} {[%emt 00:00:39]}
38. axb8=Q {[%clk 01:16:19]} {[%emt 00:00:18]} Kg6 {[%clk 01:24:26]} {[%emt
00:00:12]} 39. Qe8+ {[%clk 01:16:39]} {[%emt 00:00:09]} Kg5 {[%clk 01:24:30]}
{[%emt 00:00:27]} 40. Rxg7+ {[%clk 01:16:55]} {[%emt 00:00:14]} Kf6 {[%clk
01:24:40]} {[%emt 00:00:20]} 41. Qe7# {[%emt 00:00:09]} 1-0

[Event "DEM U14w 2021"]
[Site "Willingen GER"]
[Date "2021.08.26"]
[Round "6"]
[White "Alhassan, Jodi"]
[Black "Hellenbroich, Helene"]
[Result "1/2-1/2"]
[Termination "normal"]
[Board "12"]
[WhiteElo "1243"]
[BlackElo "1378"]
[WhiteClock "00:00:49"]
[BlackClock "00:37:31"]
[PlyCount "58"]
[WhiteFideId "16250460"]
[BlackFideId "16270754"]
[EventCountry "GER"]
[EventRounds "9"]
[EventType "swiss"]
[EventDate "2021.08.22"]

1. e4 {[%clk 01:30:54]} {[%emt 00:00:04]} e6 {[%clk 01:30:50]} {[%emt
00:00:12]} 2. d4 {[%clk 01:31:12]} {[%emt 00:00:11]} d5 {[%clk 01:31:12]}
{[%emt 00:00:09]} 3. Nd2 {[%clk 01:31:33]} {[%emt 00:00:09]} Nf6 {[%clk
01:31:05]} {[%emt 00:00:37]} 4. e5 {[%clk 01:31:51]} {[%emt 00:00:12]} Nfd7
{[%clk 01:31:19]} {[%emt 00:00:16]} 5. Bd3 {[%clk 01:31:43]} {[%emt 00:00:37]}
c5 {[%clk 01:31:27]} {[%emt 00:00:24]} 6. c3 {[%clk 01:31:52]} {[%emt
00:00:21]} Nc6 {[%clk 01:30:51]} {[%emt 00:01:06]} 7. Ne2 {[%clk 01:31:15]}
{[%emt 00:01:07]} Be7 {[%clk 01:29:50]} {[%emt 00:01:29]} 8. O-O {[%clk
01:27:16]} {[%emt 00:04:31]} O-O {[%clk 01:30:03]} {[%emt 00:00:16]} 9. Qc2
{[%emt 00:08:25]} h6 {[%clk 01:27:06]} {[%emt 00:02:26]} 10. Nf3 {[%clk
01:15:00]} {[%emt 00:05:52]} cxd4 {[%clk 01:24:46]} {[%emt 00:02:50]} 11. cxd4
{[%clk 01:08:43]} {[%emt 00:06:48]} Nb4 {[%clk 01:24:33]} {[%emt 00:00:43]} 12.
Qd1 {[%emt 00:15:33]} Nxd3 {[%clk 01:19:48]} {[%emt 00:00:17]} 13. Qxd3 {[%emt
00:00:51]} Re8 {[%clk 01:17:10]} {[%emt 00:02:33]} 14. Bd2 {[%clk 00:52:11]}
{[%emt 00:07:11]} Nf8 {[%emt 00:08:56]} 15. Nf4 {[%clk 00:39:30]} {[%emt
00:09:28]} Qb6 {[%emt 00:27:09]} 16. b3 {[%clk 00:21:05]} {[%emt 00:00:48]} Bd7
{[%emt 00:02:35]} 17. a4 {[%clk 00:14:05]} {[%emt 00:07:27]} a5 {[%clk
00:59:01]} {[%emt 00:03:21]} 18. Rfc1 {[%emt 00:06:25]} Rec8 {[%clk 00:56:33]}
{[%emt 00:01:12]} 19. Ne1 {[%clk 00:04:55]} {[%emt 00:05:31]} Qd8 {[%clk
00:53:58]} {[%emt 00:03:05]} 20. Rxc8 {[%clk 00:01:30]} {[%emt 00:03:55]} Rxc8
{[%clk 00:50:29]} {[%emt 00:04:00]} 21. Rc1 {[%clk 00:01:16]} {[%emt 00:00:43]}
Rxc1 {[%clk 00:47:22]} {[%emt 00:03:37]} 22. Bxc1 {[%clk 00:01:38]} {[%emt
00:00:07]} Bb4 {[%clk 00:47:45]} {[%emt 00:00:07]} 23. Bd2 {[%clk 00:01:40]}
{[%emt 00:00:28]} Bxd2 {[%clk 00:46:57]} {[%emt 00:01:18]} 24. Qxd2 {[%clk
00:02:03]} {[%emt 00:00:08]} Qb6 {[%clk 00:47:19]} {[%emt 00:00:07]} 25. Qc3
{[%clk 00:01:25]} {[%emt 00:01:08]} Qa7 {[%clk 00:42:17]} {[%emt 00:05:33]} 26.
Ned3 {[%clk 00:00:55]} {[%emt 00:00:59]} b6 {[%emt 00:00:50]} 27. h3 {[%clk
00:00:42]} {[%emt 00:00:42]} Nh7 {[%clk 00:40:40]} {[%emt 00:01:48]} 28. h4
{[%clk 00:00:54]} {[%emt 00:00:19]} Qb8 {[%clk 00:38:56]} {[%emt 00:02:15]} 29.
Nh5 {[%clk 00:00:49]} {[%emt 00:00:33]} Qc8 {[%clk 00:37:31]} {[%emt 00:01:55]}
1/2-1/2